Argentina (Record no. 47359)
[ view plain ]
| 000 -LEADER | |
|---|---|
| campo de control de longitud fija | 01053nam a2200217 i 4500 |
| 001 - NÚMERO DE CONTROL | |
| campo de control | 47359 |
| 003 - IDENTIFICADOR DE NÚMERO DE CONTROL | |
| campo de control | ES-MaACL |
| 005 - FECHA Y HORA DE LA ÚLTIMA TRANSACCIÓN | |
| campo de control | 20250620063013.0 |
| 007 - CAMPO FIJO DE DESCRIPCIÓN FÍSICA--INFORMACIÓN GENERAL | |
| campo de control de longitud fija | t| |
| 008 - DATOS DE LONGITUD FIJA--INFORMACIÓN GENERAL | |
| campo de control de longitud fija | 030407s1956 sp ||||1| spa d |
| 100 1# - ENTRADA PRINCIPAL--NOMBRE DE PERSONA | |
| Nombre de persona | Corbera Fradera, Carolina, |
| Fechas asociadas al nombre | 1926-1979 |
| 9 (RLIN) | 40459 |
| 245 10 - MENCIÓN DEL TÍTULO | |
| Título | Argentina |
| Resto del título | : girasol de España : conferencias... / |
| Mención de responsabilidad, etc. | Carolina Corbera Fradera. |
| 260 ## - PUBLICACIÓN, DISTRIBUCIÓN, ETC. | |
| Lugar de publicación, distribución, etc. | [Madrid : |
| Nombre del editor, distribuidor, etc. | s.n., |
| Fecha de publicación, distribución, etc. | 1956] ( |
| Fabricante | Uguina) |
| 300 ## - DESCRIPCIÓN FÍSICA | |
| Extensión | 44 p., 1 lám. ret. aut. ; |
| Dimensiones | 23 cm. |
| 505 8# - NOTA DE CONTENIDO CON FORMATO | |
| Nota de contenido con formato | Contiene: La religión de las letras : conferencia pronunciada en el "Salón Huemul" el 14 de agosto de 1956 en Buenos Aires ; Argentina, girasol de España : conferencia pronunciada en el "Salón Kraft" el 7 de septiembre de 1956 en Buenos Aires ; La universalidad del arte : conferencia pronunciada en el "Club español de la Plata" el 15 de septiembre de 1956 |
| 740 3# - ENTRADA AGREGADA--TÍTULO RELACIONADO/ANALÍTICO NO CONTROLADO | |
| Título relacionado o analítico no controlado | La religión de las letras. |
| 740 3# - ENTRADA AGREGADA--TÍTULO RELACIONADO/ANALÍTICO NO CONTROLADO | |
| Título relacionado o analítico no controlado | Argentina, girasol de España. |
| 740 3# - ENTRADA AGREGADA--TÍTULO RELACIONADO/ANALÍTICO NO CONTROLADO | |
| Título relacionado o analítico no controlado | La universalidad del arte. |
| 852 ## - LOCALIZACIÓN | |
| Ubicación | ES-MaACL |
| Número de control de estantería | 1995-F-18 |
| Sublocalización o colección | R.39651 |
| Estatus retirado | Estado de pérdida | Estado de daño | No para préstamo | Colección | Biblioteca de origen | Biblioteca actual | Ubicación en estantería | Fecha de adquisición | Fuente de adquisición | Total de préstamos | Signatura topográfica completa | Código de barras | Visto por última vez | Precio de reemplazo | Tipo de ítem Koha |
|---|---|---|---|---|---|---|---|---|---|---|---|---|---|---|---|
| Colección de folletos | Biblioteca del Ateneo de Madrid | Biblioteca del Ateneo de Madrid | Depósito folletos | 17/01/2008 | 1995-F-18 | 1049809 | 23/02/2023 | 23/02/2023 | Folleto |
